Les raretés des cartes Pokémon - Statistiques

Statistiques générales
  • Ce quiz a été pris 45 fois
  • Le résultat moyen est 4 sur 11
Statistiques - réponses
Raretés des cartes Pokémon % Correct
Rare
95%
Commune
93%
Peu Commune
83%
Ultra Rare
57%
Illustration Rare
10%
Double Rare
5%
Hyper Rare
5%
Illustration Spéciale Rare
5%
Chromatique Rare
2%
Chromatique Ultra Rare
2%
HIGH-TECH Rare
2%
Aucun quiz correspondant
Distribution des résultats
% des personnes avec chaque résultat
Percentile par nombre de réponses
Votre historique - résultats
Vous n’avez pas pris ce quiz